[Event "BEL-chT 2122"]
[Site "Belgium"]
[Date "2021.12.05"]
[Round "3.6"]
[White "Dgebuadze, Alexandre"]
[Black "Bezsilko, Philippe"]
[Result "1-0"]
[WhiteElo "2473"]
[BlackElo "2191"]
[PlyCount "123"]
[EventDate "2021.10.24"]
[EventType "team-tourn"]
[EventRounds "11"]
[EventCountry "BEL"]
[SourceTitle "EXT 2023"]
[Source "ChessBase"]
[SourceDate "2022.10.05"]
[SourceVersion "1"]
[SourceVersionDate "2022.10.05"]
[SourceQuality "1"]
[WhiteTeam "Wirtzfeld"]
[BlackTeam "KGSRL"]
[WhiteTeamCountry "BEL"]
[BlackTeamCountry "BEL"]

1. d4 Nf6 2. Nf3 e6 3. e3 b6 4. Bd3 Bb7 5. Nbd2 c5 6. 0-0 d5 7. b3 Bd6 8. Bb2 Nc6 9. a3 Qc7 10. c4 cxd4 11. exd4 h6 12. Rc1 dxc4 13. bxc4 Qe7 14. d5 Nd8 15. Qa4+ Qd7 16. Qb3 0-0 17. Bxf6 gxf6 18. Ne4 Qe7 19. Rfd1 f5 20. Nxd6 Qxd6 21. Bb1 Rc8 22. Qb2 exd5 23. Nh4 Re8 24. Re1 Re6 25. Bxf5 d4 26. Bxe6 Nxe6 27. Nf5 Qc5 28. Qb1 Rd8 29. Qd3 h5 30. Rxe6 fxe6 31. Qg3+ Kf8 32. Qg7+ Ke8 33. Qxb7 Qxf5 34. Qxa7 d3 35. Qa4+ Kf7 36. Qb5 d2 37. Qxf5+ exf5 38. Rd1 Rd4 39. Kf1 Rxc4 40. Rxd2 Rc1+ 41. Ke2 Ra1 42. Rd3 Kf6 43. h4 Ra2+ 44. Ke3 b5 45. Rb3 Ke6 46. g3 Kf6 47. f3 Ra1 48. Kd4 f4 49. gxf4 Kf5 50. Ke3 Re1+ 51. Kf2 Ra1 52. Rxb5+ Kxf4 53. Rb4+ Kf5 54. a4 Ke5 55. Ke3 Ra3+ 56. Ke2 Kf5 57. Rb5+ Kf4 58. a5 Ra2+ 59. Kd3 Ra4 60. Rxh5 Kxf3 61. Rf5+ Kg4 62. Rc5 1-0

[Event "BEL-chT 0203"]
[Site "Belgium"]
[Date "2003.02.23"]
[Round "9.4"]
[White "Laurent, Bruno"]
[Black "Bezsilko, Philippe"]
[Result "1-0"]
[WhiteElo "2291"]
[BlackElo "2194"]
[PlyCount "69"]
[EventDate "2002.10.06"]
[EventType "team"]
[EventRounds "11"]
[EventCountry "BEL"]
[SourceTitle "EXT 2004"]
[Source "ChessBase"]
[SourceDate "2003.11.25"]
[SourceVersion "1"]
[SourceVersionDate "2003.11.25"]
[SourceQuality "1"]
[WhiteTeam "Charleroi CREC"]
[BlackTeam "Gent II"]
[WhiteTeamCountry "BEL"]
[BlackTeamCountry "BEL"]

1. e4 c5 2. Nf3 Nc6 3. Bb5 d6 4. 0-0 Bd7 5. Re1 Nf6 6. c3 Qb6 7. Bf1 Bg4 8. d3 g6 9. Nbd2 Bg7 10. h3 Bxf3 11. Nxf3 Nd7 12. Qc2 0-0 13. Be3 Qa5 14. a3 Rfc8 15. Qd2 b5 16. b4 Qd8 17. d4 cxd4 18. cxd4 a6 19. a4 bxa4 20. Rxa4 a5 21. bxa5 Nxa5 22. Qa2 Nc6 23. Ra1 Nb6 24. Rxa8 Rxa8 25. Qb1 Rxa1 26. Qxa1 d5 27. Qb1 dxe4 28. Qxe4 Qd5 29. Qf4 Qd6 30. Qh4 Bf6 31. Qe4 Qd5 32. Qd3 e5 33. dxe5 Qxd3 34. Bxd3 Nxe5 35. Nxe5 1-0

[Event "BEL-chT 0203"]
[Site "Belgium"]
[Date "2002.11.24"]
[Round "3.4"]
[White "Bezsilko, Philippe"]
[Black "Leenhouts, Koen"]
[Result "1-0"]
[WhiteElo "2194"]
[BlackElo "2246"]
[PlyCount "141"]
[EventDate "2002.10.06"]
[EventType "team"]
[EventRounds "11"]
[EventCountry "BEL"]
[SourceTitle "EXT 2004"]
[Source "ChessBase"]
[SourceDate "2003.11.25"]
[SourceVersion "1"]
[SourceVersionDate "2003.11.25"]
[SourceQuality "1"]
[WhiteTeam "Gent II"]
[BlackTeam "Bruges"]
[WhiteTeamCountry "BEL"]
[BlackTeamCountry "BEL"]

1. e4 e5 2. Nf3 Nc6 3. Bb5 a6 4. Ba4 Nf6 5. d4 Nxd4 6. Nxd4 exd4 7. e5 Ne4 8. Qxd4 Nc5 9. 0-0 b6 10. Nc3 Bb7 11. Qg4 Nxa4 12. Nxa4 Qe7 13. Bg5 Qb4 14. Qxb4 Bxb4 15. a3 Bf8 16. c4 h6 17. Be3 0-0-0 18. b4 g5 19. f4 Bg7 20. Rae1 Rde8 21. Nb2 Rhg8 22. g3 f6 23. fxg5 fxg5 24. Bd4 d6 25. Nd3 Re7 26. Re3 Rge8 27. Rfe1 Re6 28. Bb2 a5 29. Kf2 Rf8+ 30. Kg1 Rfe8 31. Kf2 Rf8+ 32. Kg1 Rf3 33. Rxf3 Bxf3 34. Kf2 Bg4 35. exd6 Bxb2 36. Rxe6 Bxe6 37. Nxb2 axb4 38. axb4 cxd6 39. Ke3 Kc7 40. Kd4 Bf5 41. Kd5 Bc2 42. Kd4 Kc6 43. b5+ Kd7 44. Kc3 Bg6 45. Na4 Kc7 46. Kd4 Bf7 47. Nc3 Be6 48. Nd5+ Kb7 49. Ke4 Bh3 50. Ke3 Bf1 51. Kd4 Bh3 52. Nf6 Be6 53. Ne8 d5 54. Ng7 Bf7 55. cxd5 Kc7 56. Ke5 Kd7 57. Nf5 h5 58. Ne3 Be8 59. Nc4 Kd8 60. Nd6 Bd7 61. Nc4 Bxb5 62. Nxb6 Kc7 63. Na8+ Kb7 64. Kd6 h4 65. Nc7 hxg3 66. hxg3 Bc4 67. Ne6 g4 68. Nf4 Kc8 69. Ke7 Bb5 70. d6 Bc6 71. Nh5 1-0

[Event "BEL-chT 0102"]
[Site "Belgium"]
[Date "2001.12.09"]
[Round "4"]
[White "Bezsilko, Philippe"]
[Black "Israel, Gregory"]
[Result "0-1"]
[WhiteElo "2217"]
[BlackElo "2092"]
[PlyCount "57"]
[EventDate "2001.10.14"]
[EventType "team"]
[EventRounds "11"]
[EventCountry "BEL"]
[SourceTitle "CBM 085 Extra"]
[Source "ChessBase"]
[SourceDate "2002.01.21"]
[SourceVersion "1"]
[SourceVersionDate "2002.01.21"]
[SourceQuality "1"]

1. e4 c5 2. b3 e6 3. Bb2 d5 4. e5 Nc6 5. f4 Nge7 6. Nf3 Nf5 7. Bd3 g6 8. 0-0 h5 9. Bxf5 gxf5 10. d4 b5 11. dxc5 Bxc5+ 12. Kh1 Rb8 13. c3 a5 14. Nbd2 Ba6 15. Ng5 h4 16. Rf3 Nxe5 17. Nxe6 fxe6 18. fxe5 Rb7 19. Rh3 Rg7 20. Nf3 Rg4 21. Qe1 Bb7 22. Qe2 Qb6 23. a3 Rhg8 24. b4 axb4 25. axb4 Bf2 26. g3 Re4 27. Qd2 Be3 28. Qd1 d4 29. cxd4 0-1

[Event "Ghent IM 3rd"]
[Site "Ghent"]
[Date "2001.11.14"]
[Round "5"]
[White "Abolianin, Arthur"]
[Black "Bezsilko, Philippe"]
[Result "1-0"]
[WhiteElo "2364"]
[BlackElo "2217"]
[PlyCount "51"]
[EventDate "2001.11.10"]
[EventType "tourn"]
[EventRounds "9"]
[EventCountry "BEL"]
[EventCategory "4"]
[SourceTitle "EXT 2003"]
[Source "ChessBase"]
[SourceDate "2002.11.25"]
[SourceVersion "1"]
[SourceVersionDate "2002.11.25"]
[SourceQuality "1"]

1. d4 Nf6 2. c4 d6 3. Nc3 Bf5 4. g3 e5 5. Nf3 Nbd7 6. Bg2 c6 7. 0-0 h6 8. b3 e4 9. Ne1 d5 10. Nc2 Bd6 11. cxd5 cxd5 12. Nb5 Bb8 13. Ba3 Qb6 14. Ne3 Be6 15. Rc1 Bxg3 16. Qc2 Rd8 17. fxg3 Qxb5 18. Nf5 Bxf5 19. Rxf5 Qa5 20. Bd6 Qa6 21. Rxd5 Nf8 22. Re5+ Ne6 23. Bb4 Nd5 24. Bc5 b6 25. Bxe4 bxc5 26. Bxd5 1-0

[Event "Ghent IM 3rd"]
[Site "Ghent"]
[Date "2001.11.13"]
[Round "4"]
[White "Bezsilko, Philippe"]
[Black "De Wit, Michel"]
[Result "1/2-1/2"]
[WhiteElo "2217"]
[BlackElo "2288"]
[PlyCount "57"]
[EventDate "2001.11.10"]
[EventType "tourn"]
[EventRounds "9"]
[EventCountry "BEL"]
[EventCategory "4"]
[SourceTitle "EXT 2003"]
[Source "ChessBase"]
[SourceDate "2002.11.25"]
[SourceVersion "1"]
[SourceVersionDate "2002.11.25"]
[SourceQuality "1"]

1. d4 Nf6 2. Nf3 e6 3. g3 c5 4. Bg2 cxd4 5. Nxd4 d5 6. 0-0 Nc6 7. c4 Qb6 8. Nxc6 bxc6 9. Nc3 Be7 10. Na4 Qd8 11. Bf4 Ba6 12. Rc1 0-0 13. cxd5 cxd5 14. Qd2 Bb5 15. Nc3 Bc6 16. Rc2 Qb6 17. Rfc1 Rfd8 18. Be5 Nd7 19. Bd4 Qa6 20. f4 Nb6 21. b3 Ba3 22. Rb1 Nd7 23. Nd1 Bd6 24. Bxg7 f6 25. Bh6 Qb6+ 26. Kh1 Bb4 27. Qd3 f5 28. a3 Bf8 29. Bxf8 1/2-1/2

[Event "Ghent IM 3rd"]
[Site "Ghent"]
[Date "2001.11.11"]
[Round "2"]
[White "Bezsilko, Philippe"]
[Black "Goormachtigh, Johan"]
[Result "0-1"]
[WhiteElo "2217"]
[BlackElo "2277"]
[PlyCount "62"]
[EventDate "2001.11.10"]
[EventType "tourn"]
[EventRounds "9"]
[EventCountry "BEL"]
[EventCategory "4"]
[SourceTitle "EXT 2003"]
[Source "ChessBase"]
[SourceDate "2002.11.25"]
[SourceVersion "1"]
[SourceVersionDate "2002.11.25"]
[SourceQuality "1"]

1. e4 c5 2. b3 d6 3. Bb2 Nf6 4. d3 Nc6 5. Nd2 g6 6. g3 Bg7 7. Bg2 0-0 8. Ne2 e5 9. 0-0 d5 10. a4 Be6 11. Ba3 b6 12. Rb1 Qd7 13. Nc3 Rad8 14. exd5 Nxd5 15. Nxd5 Bxd5 16. b4 Bxg2 17. Kxg2 Nxb4 18. Bxb4 cxb4 19. Rxb4 Qc6+ 20. Kg1 Rd4 21. Nc4 e4 22. Qb1 exd3 23. cxd3 Rfd8 24. a5 bxa5 25. Nxa5 Qf3 26. Rxd4 Bxd4 27. Qc2 Bb6 28. Nc6 Qxd3 29. Qa4 Qd7 30. Re1 Re8 31. Rd1 Qf5 0-1

[Event "BEL-chT 0102"]
[Site "Belgium"]
[Date "2001.10.18"]
[Round "2"]
[White "Bezsilko, Philippe"]
[Black "Tiggelman, Rene"]
[Result "1-0"]
[WhiteElo "2199"]
[BlackElo "2165"]
[PlyCount "43"]
[EventDate "2001.10.14"]
[EventType "team"]
[EventRounds "11"]
[EventCountry "BEL"]
[SourceTitle "EXT 2003"]
[Source "ChessBase"]
[SourceDate "2002.11.25"]
[SourceVersion "1"]
[SourceVersionDate "2002.11.25"]
[SourceQuality "1"]

1. e4 e6 2. Nf3 d5 3. Nc3 Nf6 4. e5 Nfd7 5. d4 c5 6. dxc5 Nc6 7. Bf4 Bxc5 8. Bd3 f6 9. exf6 Nxf6 10. 0-0 a6 11. Ne5 0-0 12. Nxc6 bxc6 13. Qe2 Bd6 14. Bxd6 Qxd6 15. Rae1 Qb4 16. Nd1 Qh4 17. f4 c5 18. g3 Qg4 19. Qg2 Ra7 20. Re5 Ne4 21. Bxe4 dxe4 22. Rg5 1-0

[Event "BEL-chT 9900"]
[Site "Antwerp"]
[Date "2000.02.20"]
[Round "10"]
[White "Sonntag, Hans Hubert"]
[Black "Bezsilko, Philippe"]
[Result "1-0"]
[WhiteElo "2371"]
[BlackElo "2213"]
[PlyCount "50"]
[EventDate "1999.10.08"]
[EventType "team"]
[EventRounds "11"]
[EventCountry "BEL"]
[SourceTitle "CBM 075 Extra"]
[Source "ChessBase"]
[SourceDate "2000.05.11"]
[SourceVersion "2"]
[SourceVersionDate "2000.05.11"]
[SourceQuality "1"]

1. d4 Nf6 2. Nf3 d6 3. g3 g6 4. Bg2 Bg7 5. c4 0-0 6. Nc3 c6 7. 0-0 Qc7 8. e4 Bg4 9. Be3 Nbd7 10. Qc2 Bxf3 11. Bxf3 Rab8 12. Rac1 b6 13. Qe2 Rfe8 14. Bg2 a6 15. f4 h5 16. h3 e6 17. e5 Nh7 18. Qf3 Rbc8 19. Ne4 Bf8 20. Rfd1 d5 21. cxd5 exd5 22. Nc3 Qd8 23. f5 Be7 24. h4 Bb4 25. Bh3 Qe7 1-0

[Event "BEL-chT 9900"]
[Site "Antwerp"]
[Date "1999.12.??"]
[Round "6"]
[White "Bezsilko, Philippe"]
[Black "Sielecki, Christof"]
[Result "0-1"]
[WhiteElo "2213"]
[BlackElo "2416"]
[PlyCount "66"]
[EventDate "1999.10.08"]
[EventType "team"]
[EventRounds "11"]
[EventCountry "BEL"]
[SourceTitle "CBM 075 Extra"]
[Source "ChessBase"]
[SourceDate "2000.05.11"]
[SourceVersion "2"]
[SourceVersionDate "2000.05.11"]
[SourceQuality "1"]

1. e4 c5 2. b3 Nc6 3. Bb2 e5 4. d3 g6 5. g3 Bg7 6. Bg2 Nge7 7. Ne2 0-0 8. Nbc3 d6 9. Qd2 Nd4 10. Nxd4 cxd4 11. Ne2 d5 12. f4 dxe4 13. dxe4 Bg4 14. 0-0 Qd7 15. Bf3 Nc6 16. Rad1 Rad8 17. c3 Bxf3 18. Rxf3 Qg4 19. Rd3 f5 20. cxd4 fxe4 21. Re3 exf4 22. Rxe4 Ne5 23. Qc2 Nf3+ 24. Kh1 Ng5 25. Rxf4 Rxf4 26. Nxf4 Qf3+ 27. Ng2 Rf8 28. Qc4+ Kh8 29. Re1 Ne4 30. Ba3 Nf2+ 31. Kg1 Nh3+ 32. Kh1 Qf2 33. Qe2 Qxe2 0-1

[Event "KGSRL Masters 2nd"]
[Site "Ghent"]
[Date "1999.09.12"]
[Round "9"]
[White "Bezsilko, Philippe"]
[Black "De Wit, Michel"]
[Result "1/2-1/2"]
[WhiteElo "2280"]
[BlackElo "2330"]
[PlyCount "30"]
[EventDate "1999.09.04"]
[EventType "swiss"]
[EventRounds "9"]
[EventCountry "BEL"]
[SourceTitle "EXT 2000"]
[Source "ChessBase"]
[SourceDate "1999.11.16"]
[SourceVersion "1"]
[SourceVersionDate "1999.11.16"]
[SourceQuality "1"]

1. e4 e5 2. b3 Nc6 3. Bb2 Nf6 4. d3 d5 5. Nd2 dxe4 6. dxe4 Bc5 7. Bb5 0-0 8. Ngf3 Nd4 9. Bd3 Re8 10. 0-0 Bg4 11. h3 Bh5 12. Be2 Bg6 13. Bd3 Bh5 14. Be2 Bg6 15. Bd3 Bh5 1/2-1/2

[Event "KGSRL Masters 2nd"]
[Site "Ghent"]
[Date "1999.09.11"]
[Round "8"]
[White "Goormachtigh, Johan"]
[Black "Bezsilko, Philippe"]
[Result "1-0"]
[WhiteElo "2274"]
[BlackElo "2280"]
[PlyCount "41"]
[EventDate "1999.09.04"]
[EventType "swiss"]
[EventRounds "9"]
[EventCountry "BEL"]
[SourceTitle "EXT 2000"]
[Source "ChessBase"]
[SourceDate "1999.11.16"]
[SourceVersion "1"]
[SourceVersionDate "1999.11.16"]
[SourceQuality "1"]

1. d4 d5 2. c4 e6 3. Nc3 c6 4. Nf3 h6 5. e3 Nf6 6. Bd3 Be7 7. 0-0 Nbd7 8. b3 b6 9. Bb2 Bb7 10. e4 dxe4 11. Nxe4 c5 12. Qe2 0-0 13. Rad1 Qc7 14. dxc5 Bxe4 15. Bxe4 Nxe4 16. Qxe4 Nxc5 17. Qg4 g6 18. Qd4 f6 19. Qe3 Kf7 20. Qxh6 Rh8 21. Ng5+ 1-0

[Event "KGSRL Masters 2nd"]
[Site "Ghent"]
[Date "1999.09.09"]
[Round "6"]
[White "Hoogendoorn, Joost"]
[Black "Bezsilko, Philippe"]
[Result "1-0"]
[WhiteElo "2281"]
[BlackElo "2280"]
[PlyCount "49"]
[EventDate "1999.09.04"]
[EventType "swiss"]
[EventRounds "9"]
[EventCountry "BEL"]
[SourceTitle "EXT 2000"]
[Source "ChessBase"]
[SourceDate "1999.11.16"]
[SourceVersion "1"]
[SourceVersionDate "1999.11.16"]
[SourceQuality "1"]

1. e4 c5 2. Nf3 Nc6 3. d4 cxd4 4. Nxd4 Nf6 5. Nc3 Qb6 6. Nb3 e6 7. Be3 Qc7 8. a3 a6 9. f4 d6 10. Bd3 Be7 11. 0-0 b5 12. Qf3 Bb7 13. Rae1 Nd7 14. g4 Nc5 15. g5 b4 16. axb4 Nxd3 17. cxd3 Nxb4 18. Rc1 Qd7 19. Bd4 0-0 20. Rcd1 a5 21. Nd2 d5 22. Nb3 Rfc8 23. Qh5 a4 24. Rf3 g6 25. Qxh7+ 1-0

[Event "KGSRL Masters 2nd"]
[Site "Ghent"]
[Date "1999.09.06"]
[Round "3"]
[White "Bezsilko, Philippe"]
[Black "Afek, Yochanan"]
[Result "1/2-1/2"]
[WhiteElo "2280"]
[BlackElo "2360"]
[PlyCount "72"]
[EventDate "1999.09.04"]
[EventType "swiss"]
[EventRounds "9"]
[EventCountry "BEL"]
[SourceTitle "EXT 2000"]
[Source "ChessBase"]
[SourceDate "1999.11.16"]
[SourceVersion "1"]
[SourceVersionDate "1999.11.16"]
[SourceQuality "1"]

1. e4 c5 2. b3 d6 3. Bb2 Nf6 4. d3 e5 5. Ne2 Nc6 6. Nd2 g6 7. g3 h5 8. h3 Bh6 9. a4 Be6 10. Bg2 Qd7 11. Nc4 0-0-0 12. f4 Bxc4 13. bxc4 h4 14. g4 Bg7 15. Bf3 g5 16. f5 Nd4 17. Nc3 Rhg8 18. Nd5 Nxd5 19. cxd5 Nxf3+ 20. Qxf3 b5 21. axb5 Qxb5 22. Bc3 Rd7 23. f6 Bh8 24. Qf5 Rg6 25. Rxa7 Rxf6 26. Qxd7+ Qxd7 27. Rxd7 Kxd7 28. Rf1 Rxf1+ 29. Kxf1 Bf6 30. Ba5 Kc8 31. Ke2 Bd8 32. Bxd8 Kxd8 33. Kd2 Kc7 34. Kc3 Kb6 35. Kb3 Kb5 36. c4+ Ka5 1/2-1/2

[Event "KGSRL Masters 2nd"]
[Site "Ghent"]
[Date "1999.09.04"]
[Round "1"]
[White "Bezsilko, Philippe"]
[Black "Schebler, Gerhard"]
[Result "1/2-1/2"]
[WhiteElo "2280"]
[BlackElo "2443"]
[PlyCount "47"]
[EventDate "1999.09.04"]
[EventType "swiss"]
[EventRounds "9"]
[EventCountry "BEL"]
[SourceTitle "EXT 2000"]
[Source "ChessBase"]
[SourceDate "1999.11.16"]
[SourceVersion "1"]
[SourceVersionDate "1999.11.16"]
[SourceQuality "1"]

1. e4 c5 2. b3 Nc6 3. Bb2 Nf6 4. e5 Nd5 5. Bc4 Nb6 6. Na3 Nxc4 7. Nxc4 b5 8. Ne3 g6 9. f4 Bg7 10. Nf3 d6 11. Qe2 Rb8 12. 0-0 0-0 13. a4 b4 14. Rae1 dxe5 15. fxe5 Nd4 16. Bxd4 cxd4 17. Nc4 Bf5 18. d3 Qd7 19. Qf2 Rbd8 20. h3 Be6 21. Re4 Bxc4 22. dxc4 Qf5 23. Qe2 Qc8 24. Kh1 1/2-1/2

[Event "BEL-chT 9899"]
[Site "Antwerp"]
[Date "1998.11.08"]
[Round "2"]
[White "Bezsilko, Philippe"]
[Black "Riemens, Albert"]
[Result "1/2-1/2"]
[WhiteElo "2280"]
[BlackElo "2185"]
[PlyCount "42"]
[EventDate "1998.10.??"]
[EventType "team"]
[EventRounds "11"]
[EventCountry "BEL"]
[SourceTitle "EXT 2000"]
[Source "ChessBase"]
[SourceDate "1999.11.16"]
[SourceVersion "1"]
[SourceVersionDate "1999.11.16"]
[SourceQuality "1"]

1. e4 c5 2. b3 Nc6 3. Bb2 e5 4. Nf3 d6 5. h3 Nf6 6. Nc3 Be7 7. Bc4 0-0 8. Qe2 a6 9. a4 Bd7 10. 0-0 Rc8 11. Nd5 Nxd5 12. Bxd5 Qc7 13. c3 Bf6 14. Nh2 Ne7 15. c4 Ng6 16. Ng4 Nf4 17. Nxf6+ gxf6 18. Qf3 Kh8 19. Kh2 Rg8 20. g3 Nxd5 21. cxd5 Rg6 1/2-1/2

[Event "FRA-ch"]
[Site "Val Thorens"]
[Date "1988.08.??"]
[Round "8"]
[White "Alet, Jean Pierre"]
[Black "Bezsilko, Philippe"]
[Result "0-1"]
[WhiteElo "2160"]
[BlackElo "2230"]
[PlyCount "104"]
[EventDate "1988.08.??"]
[EventType "swiss"]
[EventRounds "13"]
[EventCountry "FRA"]
[SourceTitle "EXT 1997"]
[Source "ChessBase"]
[SourceDate "1996.11.15"]
[SourceVersion "1"]
[SourceVersionDate "1996.11.15"]
[SourceQuality "1"]

1. c4 e6 2. Nc3 b6 3. e4 Bb4 4. Nge2 Bb7 5. a3 Bxc3 6. Nxc3 Ne7 7. d4 0-0 8. f3 d5 9. Be3 Nd7 10. Be2 Rc8 11. 0-0 h6 12. Qd2 Re8 13. Rad1 Ba6 14. Nb5 Bxb5 15. cxb5 c5 16. bxc6 Nxc6 17. Ba6 Rc7 18. exd5 Ncb8 19. Bb5 exd5 20. Bf4 Rc8 21. Rc1 a6 22. Ba4 b5 23. Bc2 Nf6 24. Qd3 Nc6 25. Bb1 Qb6 26. Rfd1 Re6 27. Bg3 Rce8 28. Bf2 Na5 29. Re1 Nc4 30. Rxe6 Qxe6 31. Re1 Qc6 32. Rxe8+ Qxe8 33. Qc2 g6 34. h3 Nh5 35. Ba2 Nf4 36. a4 Ne3 37. Qd2 Nexg2 38. Bxd5 Qd7 39. Bg3 Qxd5 40. Bxf4 Nh4 41. Qe3 Nxf3+ 42. Kf2 Nxd4 43. axb5 axb5 44. Bxh6 Nf5 45. Qd2 Qc5+ 46. Kf3 Qc6+ 47. Kf2 Nxh6 48. Qxh6 Qc2+ 49. Kg3 Qxb2 50. h4 Qe5+ 51. Kh3 b4 52. Qd2 Qc3+ 0-1

[Event "FRA-ch"]
[Site "Val Thorens"]
[Date "1988.08.??"]
[Round "4"]
[White "Moingt, Jean Claude"]
[Black "Bezsilko, Philippe"]
[Result "0-1"]
[WhiteElo "2180"]
[BlackElo "2230"]
[PlyCount "54"]
[EventDate "1988.08.??"]
[EventType "swiss"]
[EventRounds "13"]
[EventCountry "FRA"]
[SourceTitle "EXT 1997"]
[Source "ChessBase"]
[SourceDate "1996.11.15"]
[SourceVersion "1"]
[SourceVersionDate "1996.11.15"]
[SourceQuality "1"]

1. e4 c5 2. Nf3 Nc6 3. d4 cxd4 4. Nxd4 Nf6 5. Nc3 d6 6. Bg5 Bd7 7. Qd2 Rc8 8. 0-0-0 Nxd4 9. Qxd4 Qa5 10. f4 h6 11. Bxf6 gxf6 12. Bc4 Bg7 13. Bb3 Qc5 14. Qd3 b5 15. Qg3 Kf8 16. e5 fxe5 17. fxe5 Qxe5 18. Qf3 Be6 19. Bxe6 Qxe6 20. Rde1 Be5 21. Qb7 Rc5 22. Kb1 Qc8 23. Qxc8+ Rxc8 24. Nxb5 Rb8 25. Nxa7 Bxb2 26. Nc6 Rb6 27. Nxe7 Bf6+ 0-1